|
|
|
|
| LEADER |
00000cam a2200000 7i4500 |
| 001 |
0000001495 |
| 005 |
20010705.0 |
| 090 |
0 |
0 |
|a 674.84
|b SEM (1993)
|
| 110 |
1 |
0 |
|a SEMINAR on Residue Utilisation and Waste Disposal in the Plymilling Industry
|k 1993
|j Kuala Lumpur; Jakarta
|
| 245 |
1 |
0 |
|a Seminar on Residue Utilisation and Waste Disposal in the Plymilling Industry, 12-13 July 1993, Kuala Lumpur, Malaysia ; 15-16 July 1993, Jakarta, Indonesia :
|b Proceedings
|
| 260 |
0 |
0 |
|a Kuala Lumpur :
|b ASEAN Timber Technology Centre ,
|c (1993)
|
| 300 |
|
|
|a iii, 208 p. :
|b ill. ;
|c 29 cm.
|
| 650 |
0 |
0 |
|a Wood waste
|x Congresses
|
| 710 |
1 |
1 |
|a ASEAN Timber Technology Centre (ATTC)
|
| 998 |
|
|
|a JPSM
|
| 999 |
|
|
|a 0000002482
|b Monograph
|c Open Shelf
|e Default branch
|